fallout 3 creatures - Statistics

General Stats
  • This quiz has been taken 489 times
  • The average score is 11 of 14
Answer Stats
Hint Answer % Correct
a two headed cow brahmin
93%
a large cockroach radroach
93%
a zombie like creature ghoul
91%
a large scorpion radscorpion
90%
a furless rodent mole rat
87%
a large reptile deathclaw
85%
a larger version of a crab mirelurk
83%
an ork like creature super mutant
81%
a flying insect bloatfly
79%
a bear like mutant yao guai
71%
a four legged furry animal dog
69%
a larger hotter version of a common bug fire ant
54%
a larger version of a common bug giant ant
43%
shares its name with a horse like mythical creature centuar
32%
No matching quizzes found
Score Distribution
Percent of People with Each Score
Percentile by Number Answered
Your Score History
You have not taken this quiz